[Event "Kaufbeuren 2007 Gruppe B"]
[Site "Kaufbeuren"]
[Date "2007.10.20"]
[Round "6"]
[White "Modena, Mephisto"]
[Black "Designer 2265, Fidelity"]
[Result "0-1"]
[WhiteElo "1964"]
[BlackElo "2023"]
[PlyCount "92"]
[EventDate "2007.10.20"]
[EventType "tourn"]
[EventCountry "GER"]
[SourceDate "2007.10.20"]

1. Nf3 d5 2. d4 Nf6 3. Bg5 g6 4. e3 Bg7 5. Nbd2 O-O 6. Be2 Na6 7. Bxf6 Bxf6 8.
O-O c5 9. c3 Qd6 10. e4 Bg7 11. e5 Qc6 12. Re1 c4 13. Qc1 b5 14. b3 Bf5 15. Qa3
Qb7 16. Ng5 Rac8 17. bxc4 bxc4 18. Rab1 Bxb1 19. Rxb1 Qc6 20. Qxe7 h6 21. Ngf3
Nc7 22. Qb4 Ne6 23. h3 Nf4 24. Bd1 Qc7 25. Qa4 Rb8 26. a3 Rxb1 27. Nxb1 Rb8 28.
Nbd2 Rb2 29. Qa6 Kh8 30. h4 Kg8 31. Qa4 Nd3 32. h5 gxh5 33. Qe8+ Bf8 34. e6 Kg7
35. a4 Bd6 36. a5 Ra2 37. Ba4 fxe6 38. Bd7 Ra1+ 39. Nf1 Qxa5 40. Bxe6 Rxf1+ 41.
Kxf1 Qa1+ 42. Ke2 Nf4+ 43. Kd2 Qb2+ 44. Kd1 Qe2+ 45. Kc1 Nd3+ 46. Kb1 Qb2# 0-1

[Event "Kaufbeuren 2007 Gruppe B"]
[Site "Kaufbeuren"]
[Date "2007.10.20"]
[Round "2"]
[White "Modena, Mephisto"]
[Black "Genesis, Millennium"]
[Result "0-1"]
[WhiteElo "1964"]
[BlackElo "1895"]
[PlyCount "91"]
[EventDate "2007.10.20"]
[EventType "tourn"]
[EventCountry "GER"]
[SourceDate "2007.10.20"]

1. d4 Nc6 2. e4 d6 3. Bb5 Bd7 4. Nf3 Nf6 5. Nc3 a6 6. Bc4 b5 7. Bb3 b4 8. Nd5
Nxe4 9. Qd3 Nf6 10. Nxf6+ gxf6 11. O-O Na5 12. Re1 Nxb3 13. Qxb3 c5 14. dxc5
dxc5 15. Be3 Rc8 16. a3 a5 17. axb4 cxb4 18. Rad1 Qc7 19. Qd3 Rd8 20. Nd4 e5
21. Nf5 Rg8 22. f3 Ba4 23. Qxd8+ Qxd8 24. Rxd8+ Kxd8 25. Bb6+ Kc8 26. Ne3 Bc6
27. Ng4 Rg6 28. Ra1 h5 29. Ne3 Bxf3 30. Rxa5 Kb7 31. Bd8 Be4 32. Rb5+ Kc6 33.
Rb8 Bc5 34. Rc8+ Kb5 35. Rxc5+ Kxc5 36. Be7+ Kb5 37. Bd6 Rg8 38. c4+ bxc3 39.
bxc3 Kc6 40. Be7 f5 41. g3 f4 42. Nf1 Bd3 43. Bh4 e4 44. Nd2 Kd5 45. Kg2 e3 46.
c4+ 0-1

[Event "Kaufbeuren 2007 Gruppe B"]
[Site "Kaufbeuren"]
[Date "2007.10.20"]
[Round "4"]
[White "Modena, Mephisto"]
[Black "MM V, Mephisto"]
[Result "0-1"]
[WhiteElo "1964"]
[BlackElo "2003"]
[PlyCount "116"]
[EventDate "2007.10.20"]
[EventType "tourn"]
[EventCountry "GER"]
[SourceDate "2007.10.20"]
[TimeControl "40/7200:20/3600:0"]

1. d4 d5 2. c4 e6 3. g3 Nf6 4. Bg2 c6 5. Nf3 Be7 6. Bf4 dxc4 7. O-O Nd5 8. Bxb8
Rxb8 9. e4 Nb6 10. Nc3 O-O 11. Ne5 c5 12. d5 Bf6 13. f4 Bxe5 14. fxe5 Qg5 15.
Na4 exd5 16. Nxb6 axb6 17. exd5 Qxe5 18. Qc2 Ra8 19. Rfe1 Qd4+ 20. Kh1 Qd3 21.
Qc1 Bf5 22. Rd1 Qc2 23. Qxc2 Bxc2 24. Rd2 Bd3 25. a3 Rfd8 26. Re1 b5 27. Kg1
Rd7 28. Kf2 b4 29. axb4 cxb4 30. g4 Kf8 31. Kg3 Ra6 32. Kf4 Rf6+ 33. Kg3 Re7
34. g5 Rf5 35. Rxe7 Kxe7 36. Kg4 f6 37. d6+ Ke6 38. gxf6 gxf6 39. d7 h5+ 40.
Kh4 Ke7 41. Kg3 Rg5+ 42. Kh4 Kxd7 43. Bxb7 Ke6 44. Bf3 Bg6 45. Re2+ Re5 46. Rg2
Bf7 47. Rc2 Kd6 48. Rd2+ Kc5 49. Rd7 Bg6 50. Rg7 Be8 51. Rc7+ Kd4 52. Rb7 Ke3
53. Bh1 c3 54. bxc3 bxc3 55. Rc7 Kd2 56. Rc8 Bg6 57. Ra8 c2 58. Rc8 Re3 0-1

[Event "Kaufbeuren 2007 Gruppe B"]
[Site "Kaufbeuren"]
[Date "2007.10.20"]
[Round "1"]
[White "Rebell 5.0 Prototyp, Mephisto"]
[Black "Designer 2265, Fidelity"]
[Result "0-1"]
[WhiteElo "1875"]
[BlackElo "2023"]
[PlyCount "126"]
[EventDate "2007.10.20"]
[EventType "tourn"]
[EventCountry "GER"]
[SourceDate "2007.10.20"]

1. e4 e5 2. Nc3 Nf6 3. Bc4 Nxe4 4. Qh5 Nd6 5. Bb3 Be7 6. Nf3 Nc6 7. Nxe5 O-O 8.
Nd5 Nd4 9. O-O Nxb3 10. axb3 Ne8 11. Nxe7+ Qxe7 12. Re1 Nf6 13. Qf3 Re8 14. Re3
Qc5 15. Nc4 Rxe3 16. Nxe3 d5 17. b4 Qd6 18. c3 Bd7 19. d3 a6 20. Bd2 Re8 21. b3
g6 22. Re1 d4 23. Nc4 Rxe1+ 24. Bxe1 Qe6 25. Bd2 Bc6 26. Qd1 dxc3 27. Bxc3 Nd5
28. Bd2 b6 29. Qa1 Qe2 30. Qc1 Bd7 31. d4 Qe4 32. Ne5 Bb5 33. Be3 f6 34. Nf3
Qd3 35. Bd2 Qxb3 36. Qe1 Bd7 37. Nh4 Qd3 38. Nf3 Bg4 39. Bh6 Kf7 40. Qd2 Qb1+
41. Ne1 Qxb4 42. Qxb4 Nxb4 43. f3 Be6 44. Kf2 Ke7 45. g3 a5 46. h4 Kd6 47. Bf4+
Kc6 48. Bd2 Kb5 49. Ng2 a4 50. Nf4 Bc4 51. h5 g5 52. Ne2 a3 53. Nc3+ Ka6 54.
Ne4 Nd5 55. Bc1 a2 56. Bb2 h6 57. Nd2 Nb4 58. Kg2 Bd5 59. Ne4 g4 60. Nxf6 gxf3+
61. Kg1 f2+ 62. Kxf2 Nd3+ 63. Ke3 Nxb2 0-1

[Event "Kaufbeuren 2007 Gruppe B"]
[Site "Kaufbeuren"]
[Date "2007.10.20"]
[Round "8"]
[White "Rebell 5.0 Prototyp, Mephisto"]
[Black "MM V, Mephisto"]
[Result "0-1"]
[WhiteElo "1875"]
[BlackElo "2003"]
[PlyCount "102"]
[EventDate "2007.10.20"]
[EventType "tourn"]
[EventCountry "GER"]
[SourceDate "2007.10.20"]
[TimeControl "40/7200:20/3600:0"]

1. d4 d5 2. Nf3 Nf6 3. c4 c6 4. cxd5 cxd5 5. Nc3 Nc6 6. Bf4 Bf5 7. e3 e6 8. Qb3
Bb4 9. Bb5 Qa5 10. O-O O-O 11. Nh4 Bxc3 12. bxc3 Be4 13. Be2 b6 14. f3 Bg6 15.
Nxg6 hxg6 16. Rae1 Nh5 17. Bd6 b5 18. Bxf8 Rxf8 19. g4 Nf6 20. Rb1 Rb8 21. Bd3
a6 22. Qc2 Rc8 23. g5 Nd7 24. Kh1 Ne7 25. Rbc1 Nb6 26. Qb2 Nc4 27. Qe2 Nb6 28.
e4 Na4 29. a3 Nxc3 30. Qb2 Rc6 31. Rc2 Na4 32. Qb3 Qd8 33. e5 Qb6 34. Rd1 Rxc2
35. Bxc2 Nc6 36. Bb1 Nxd4 37. Qe3 Nc6 38. Re1 Na5 39. Qc1 Nc4 40. Bd3 Qf2 41.
Rf1 Qb2 42. Bxc4 bxc4 43. Qxb2 Nxb2 44. f4 d4 45. Kg2 d3 46. Kf2 c3 47. h3 Nc4
48. f5 gxf5 49. g6 fxg6 50. Rc1 d2 51. Rxc3 d1=Q 0-1

[Event "Kaufbeuren 2007 Gruppe B"]
[Site "Kaufbeuren"]
[Date "2007.10.20"]
[Round "3"]
[White "Rebell 5.0 Prototyp, Mephisto"]
[Black "Modena, Mephisto"]
[Result "0-1"]
[WhiteElo "1875"]
[BlackElo "1964"]
[PlyCount "72"]
[EventDate "2007.10.20"]
[EventType "tourn"]
[EventCountry "GER"]
[SourceDate "2007.10.20"]

1. e4 c5 2. Nf3 d6 3. c3 Nf6 4. Bc4 e6 5. Qe2 Be7 6. d4 d5 7. exd5 exd5 8. Bb5+
Bd7 9. dxc5 O-O 10. Be3 Bxb5 11. Qxb5 Qd7 12. Nd4 Nc6 13. b4 a5 14. Nd2 Nxd4
15. Qd3 Nf5 16. O-O axb4 17. cxb4 d4 18. Bg5 h6 19. Bxf6 Bxf6 20. Ne4 Be5 21.
f4 Bc7 22. Rf2 Rfd8 23. b5 Ba5 24. Rc1 Rac8 25. Rfc2 Ne3 26. c6 Qd5 27. Rb2 f5
28. Ng3 Rc7 29. Qb3 Qxb3 30. Rxb3 d3 31. b6 Rxc6 32. Rxc6 d2 33. Rb1 bxc6 34.
b7 Bc7 35. Kf2 d1=Q 36. Rxd1 Nxd1+ 0-1

[Event "Kaufbeuren 2007 Gruppe B"]
[Site "Kaufbeuren"]
[Date "2007.10.20"]
[Round "5"]
[White "Rebell 5.0 Prototyp, Mephisto"]
[Black "Supermondial 2, Mephisto"]
[Result "0-1"]
[WhiteElo "1875"]
[BlackElo "1962"]
[PlyCount "94"]
[EventDate "2007.10.20"]
[EventType "tourn"]
[EventCountry "GER"]
[SourceDate "2007.10.20"]

1. e4 c6 2. d4 d5 3. exd5 cxd5 4. c4 Nf6 5. Nc3 e6 6. Nf3 Be7 7. cxd5 Nxd5 8.
Bd3 O-O 9. O-O Nb4 10. Be2 b6 11. Bf4 Bb7 12. Rc1 N8c6 13. a3 Nd5 14. Nxd5 Qxd5
15. Re1 Rad8 16. Bc7 Rd7 17. Bc4 Qa5 18. Bf4 Rfd8 19. Bd2 Qh5 20. Be3 b5 21.
Bd3 Qd5 22. Qe2 a6 23. Qc2 f5 24. Red1 Bf6 25. Be2 f4 26. Bxf4 Nxd4 27. Rxd4
Bxd4 28. Bd2 e5 29. Ba5 Rc8 30. Bc3 Bxc3 31. bxc3 Rdc7 32. Qb2 e4 33. Nd4 e3
34. Bf3 Qxd4 35. Bxb7 exf2+ 36. Kh1 Qc4 37. Qxf2 Rxb7 38. Qf3 Rd7 39. Qe3 Qb3
40. Rg1 Rd6 41. Re1 Qxa3 42. Qe7 Qxc3 43. Rf1 Rf6 44. Rd1 Rcf8 45. h3 Rf1+ 46.
Rxf1 Rxf1+ 47. Kh2 g6 0-1

[Event "Kaufbeuren 2007 Gruppe B"]
[Site "Kaufbeuren"]
[Date "2007.10.20"]
[Round "4"]
[White "Super Forte C 5 MHz , Novag"]
[Black "Diablo 68000, Novag"]
[Result "1-0"]
[WhiteElo "1971"]
[BlackElo "2059"]
[PlyCount "77"]
[EventDate "2007.10.20"]
[EventType "tourn"]
[EventCountry "GER"]
[SourceDate "2007.10.20"]

1. d4 Nf6 2. c4 e6 3. Nc3 Bb4 4. Nf3 c5 5. g3 cxd4 6. Nxd4 O-O 7. Bg2 d5 8. O-O
dxc4 9. Qa4 Na6 10. Ndb5 Nd5 11. Rd1 Bd7 12. Nxd5 exd5 13. Rxd5 Qe8 14. Be3 Bc5
15. Bxc5 Bxb5 16. Qa3 Nxc5 17. Qxc5 Ba6 18. Rd2 Qa4 19. a3 Rfe8 20. Rc1 Re6 21.
Bd5 Qd7 22. Rcc2 Rh6 23. Bg2 Qe8 24. Qd4 Qc8 25. Rc1 Kh8 26. Rxc4 Qe8 27. Rc7
Rb6 28. Qd7 Kg8 29. Bxb7 Bxb7 30. Rxb7 Rxb7 31. Qxb7 a5 32. Qd7 Qf8 33. Qf5 a4
34. Rd7 Re8 35. Qc2 Re6 36. Rc7 Re8 37. Ra7 Re7 38. Rxa4 Re8 39. Rc4 1-0

[Event "Kaufbeuren 2007 Gruppe B"]
[Site "Kaufbeuren"]
[Date "2005.10.20"]
[Round "7"]
[White "Super Forte C 5 MHz , Novag"]
[Black "Modena, Mephisto"]
[Result "1/2-1/2"]
[WhiteElo "1971"]
[BlackElo "1964"]
[PlyCount "125"]
[EventDate "2007.10.20"]
[EventType "tourn"]
[EventCountry "GER"]
[SourceDate "2007.10.20"]

1. e4 e5 2. Nf3 Nf6 3. d4 Nxe4 4. Bd3 d5 5. Nxe5 Bd6 6. O-O O-O 7. c4 Bxe5 8.
dxe5 Nc6 9. Bf4 Be6 10. Qh5 Nb4 11. Bxe4 dxe4 12. Nd2 Nd3 13. Be3 Nxb2 14. Rfb1
Nxc4 15. Nxc4 Bxc4 16. Rxb7 a6 17. Bc5 Qd5 18. Rxc7 Rfc8 19. Bd6 Rxc7 20. Bxc7
Bxa2 21. Bd6 Bb3 22. Qh4 a5 23. Qe7 Qd3 24. Bc5 Qc3 25. Rb1 Rc8 26. Be3 a4 27.
h3 h6 28. Rc1 Qxc1+ 29. Bxc1 Rxc1+ 30. Kh2 Kh7 31. Qb7 Re1 32. Kg3 e3 33. f3 g6
34. Qa7 Kg8 35. Qd4 g5 36. Qd8+ Kg7 37. Qf6+ Kh7 38. Qc6 Re2 39. Qc3 Kg8 40.
Qc6 Kg7 41. Qf6+ Kh7 42. Qf5+ Kg8 43. Qe4 h5 44. Qf5 h4+ 45. Kh2 a3 46. Qxg5+
Kh7 47. Qxh4+ Kg8 48. Qg4+ Kh8 49. Qd4 Be6 50. Qd8+ Kg7 51. Qf6+ Kh7 52. Qh4+
Kg8 53. Kg3 a2 54. Qd8+ Kg7 55. Qd1 Rb2 56. Qe1 Rb1 57. Qxe3 a1=Q 58. Qg5+ Kh7
59. Qh4+ Kg8 60. Qg5+ Kf8 61. Qd8+ Kg7 62. Qg5+ Kh8 63. Qf6+ 1/2-1/2

[Event "Kaufbeuren 2007 Gruppe B"]
[Site "Kaufbeuren"]
[Date "2007.10.20"]
[Round "2"]
[White "Super Forte C 5 MHz , Novag"]
[Black "Rebell 5.0 Prototyp, Mephisto"]
[Result "1-0"]
[WhiteElo "1971"]
[BlackElo "1875"]
[PlyCount "45"]
[EventDate "2007.10.20"]
[EventType "tourn"]
[EventCountry "GER"]
[SourceDate "2007.10.20"]

1. e4 e5 2. Nf3 Nc6 3. Bb5 a6 4. Ba4 Nf6 5. O-O Be7 6. Re1 b5 7. Bb3 d6 8. c3
O-O 9. h3 Na5 10. Bc2 c5 11. d4 cxd4 12. cxd4 Bb7 13. Nc3 b4 14. Nd5 Nxd5 15.
exd5 Bxd5 16. dxe5 dxe5 17. Nxe5 Nb7 18. Qd3 f5 19. Bb3 Bxb3 20. Qxb3+ Kh8 21.
Nf7+ Rxf7 22. Qxf7 Bc5 23. Qxb7 1-0

[Event "Kaufbeuren 2007 Gruppe B"]
[Site "Kaufbeuren"]
[Date "2005.10.20"]
[Round "9"]
[White "Super Forte C 5 MHz , Novag"]
[Black "Supermondial 2, Mephisto"]
[Result "1-0"]
[WhiteElo "1971"]
[BlackElo "1962"]
[PlyCount "43"]
[EventDate "2007.10.20"]
[EventType "tourn"]
[EventCountry "GER"]
[SourceDate "2007.10.20"]

1. d4 d5 2. c4 dxc4 3. e4 e5 4. Nf3 exd4 5. Bxc4 Bb4+ 6. Bd2 Bxd2+ 7. Nbxd2 Nc6
8. O-O Nf6 9. e5 Ng4 10. h3 Ngxe5 11. Re1 f6 12. Nxe5 fxe5 13. Qh5+ g6 14.
Rxe5+ Ne7 15. Qg5 Bxh3 16. Rae1 Kd7 17. Qxe7+ Kc8 18. gxh3 c6 19. Qc5 h5 20.
Re7 a6 21. Qe5 Qxe7 22. Qxe7 1-0

[Event "Kaufbeuren 2007 Gruppe B"]
[Site "Kaufbeuren"]
[Date "2007.10.20"]
[Round "8"]
[White "Supermondial 2, Mephisto"]
[Black "Designer 2265, Fidelity"]
[Result "0-1"]
[WhiteElo "1962"]
[BlackElo "2023"]
[PlyCount "91"]
[EventDate "2007.10.20"]
[EventType "tourn"]
[EventCountry "GER"]
[SourceDate "2007.10.20"]

1. c4 c5 2. Nc3 Nc6 3. Nf3 g6 4. e3 Bg7 5. d4 d6 6. Be2 Nf6 7. b3 cxd4 8. exd4
O-O 9. O-O Bf5 10. Bf4 Qa5 11. Bd2 Qb6 12. Be3 Ng4 13. Nd5 Qd8 14. Bd2 e6 15.
Nc3 e5 16. d5 Nd4 17. Nxd4 exd4 18. Nb5 h5 19. Bxg4 Bxg4 20. f3 Bd7 21. Rc1 Qb6
22. a4 Bxb5 23. axb5 Rae8 24. Re1 Qd8 25. Bf4 a5 26. Qd2 b6 27. Bh6 Bxh6 28.
Qxh6 Rxe1+ 29. Rxe1 Re8 30. Rxe8+ Qxe8 31. Kf2 Qe5 32. Qd2 h4 33. g3 h3 34. Qe2
Qf5 35. Qd1 Qe5 36. Qd3 g5 37. Qe2 f6 38. Qd3 Kf8 39. Qd2 d3 40. f4 Qe4 41.
fxg5 fxg5 42. Qd1 g4 43. Qd2 Qf3+ 44. Kg1 Qg2+ 45. Qxg2 hxg2 46. c5 0-1

[Event "Kaufbeuren 2007 Gruppe B"]
[Site "Kaufbeuren"]
[Date "2007.10.20"]
[Round "4"]
[White "Supermondial 2, Mephisto"]
[Black "Genesis, Millennium"]
[Result "0-1"]
[WhiteElo "1962"]
[BlackElo "1895"]
[PlyCount "70"]
[EventDate "2007.10.20"]
[EventType "tourn"]
[EventCountry "GER"]
[SourceDate "2007.10.20"]

1. e4 e6 2. d4 d5 3. Nc3 Nf6 4. Bg5 Be7 5. e5 Nfd7 6. Bxe7 Qxe7 7. f4 O-O 8.
Nf3 c5 9. Bd3 c4 10. Be2 Qb4 11. Rb1 Qb6 12. O-O Nc6 13. b4 Rb8 14. Qd2 a5 15.
bxa5 Qxa5 16. Rb5 Qa3 17. Ng5 h6 18. Nf3 b6 19. Rbb1 Bb7 20. f5 exf5 21. Nxd5
Na5 22. Nxb6 c3 23. Qe3 Nxb6 24. Rxb6 Bd5 25. Rxb8 Rxb8 26. Bd3 Rb2 27. Qf4 Be6
28. Bxf5 Qxa2 29. Bxe6 Qxe6 30. Qe4 Qc6 31. d5 Qb6+ 32. Kh1 Qc5 33. Rd1 Qf2 34.
Nd4 Nc4 35. d6 Ne3 0-1

[Event "Kaufbeuren 2007 Gruppe B"]
[Site "Kaufbeuren"]
[Date "2007.10.20"]
[Round "6"]
[White "Supermondial 2, Mephisto"]
[Black "MM V, Mephisto"]
[Result "1/2-1/2"]
[WhiteElo "1962"]
[BlackElo "2003"]
[PlyCount "105"]
[EventDate "2007.10.20"]
[EventType "tourn"]
[EventCountry "GER"]
[SourceDate "2007.10.20"]
[TimeControl "40/7200:20/3600:0"]

1. d4 Nf6 2. c4 e6 3. Nc3 Bb4 4. e3 O-O 5. Bd3 d5 6. Nf3 c5 7. O-O Nc6 8. a3
Bxc3 9. bxc3 dxc4 10. Bxc4 Qc7 11. Bb2 b6 12. dxc5 Na5 13. Bd3 Qxc5 14. a4 Nc4
15. Bxc4 Qxc4 16. Ne5 Qe4 17. Qf3 Qxf3 18. Nxf3 Rd8 19. a5 Ba6 20. Rfe1 Ne4 21.
axb6 axb6 22. Red1 Rxd1+ 23. Rxd1 Bb5 24. Rd4 Nc5 25. Rb4 Ra5 26. c4 Nd3 27.
Rxb5 Rxb5 28. cxb5 Nxb2 29. Ne5 f6 30. Nd7 Na4 31. h4 Kf7 32. Nb8 Ke7 33. Nc6+
Kd6 34. f4 Nc3 35. Nd4 g6 36. Kf2 e5 37. fxe5+ fxe5 38. Nf3 Nxb5 39. Ng5 h5 40.
Ke2 Nc7 41. e4 Nb5 42. Kd3 Nd4 43. Kc4 b5+ 44. Kb4 Kd7 45. Kc5 Ke7 46. Kb4 Kd6
47. Nf7+ Ke6 48. Ng5+ Ke7 49. Kc5 Ne2 50. Kxb5 Nd4+ 51. Kc4 Kf6 52. Kd3 Nb5 53.
Nf3 1/2-1/2

[Event "Kaufbeuren 2007 Gruppe B"]
[Site "Kaufbeuren"]
[Date "2007.10.20"]
[Round "1"]
[White "Supermondial 2, Mephisto"]
[Black "Modena, Mephisto"]
[Result "1/2-1/2"]
[WhiteElo "1962"]
[BlackElo "1964"]
[PlyCount "150"]
[EventDate "2007.10.20"]
[EventType "tourn"]
[EventCountry "GER"]
[SourceDate "2007.10.20"]

1. d4 f5 2. g3 Nf6 3. Bg2 e6 4. Nf3 Be7 5. O-O O-O 6. c4 Ne4 7. Bf4 b6 8. Nfd2
Bb7 9. Nxe4 Bxe4 10. Bxe4 fxe4 11. Qc2 e3 12. Bxe3 Nc6 13. Nd2 Nb4 14. Qe4 a5
15. Bf4 Bf6 16. a3 Nc6 17. Nf3 Ne7 18. Qb7 d6 19. Qe4 Qd7 20. Ng5 Bxg5 21. Bxg5
Nf5 22. Rad1 a4 23. g4 Ne7 24. f4 Rfe8 25. h3 Ng6 26. Qd3 Nf8 27. e4 d5 28.
Rde1 dxe4 29. Rxe4 b5 30. cxb5 h6 31. Bh4 Ng6 32. Bg3 Rad8 33. Rfe1 Rb8 34. f5
exf5 35. Rxe8+ Rxe8 36. Rxe8+ Qxe8 37. gxf5 Ne7 38. Bxc7 Qf7 39. f6 gxf6 40.
Qe4 Nd5 41. Qg2+ Kh8 42. Ba5 f5 43. Kf2 f4 44. b6 Qe6 45. b7 Qe3+ 46. Kf1 Qc1+
47. Ke2 Qxb2+ 48. Bd2 Qxb7 49. Qg6 Qe7+ 50. Kf1 Qh4 51. Qe8+ Kg7 52. Qd7+ Ne7
53. Bb4 Kf7 54. d5 Kf8 55. d6 Nc6 56. Qxc6 Qxh3+ 57. Qg2 Qd3+ 58. Ke1 Kf7 59.
Qg4 Qe3+ 60. Kd1 Qd3+ 61. Kc1 f3 62. Qf4+ Kg6 63. Qd2 Qc4+ 64. Kd1 Qf1+ 65. Qe1
Qd3+ 66. Kc1 Qc4+ 67. Kb1 Qd3+ 68. Ka1 Qd4+ 69. Ka2 f2 70. Qe8+ Kg7 71. Qe7+
Kg6 72. Qe6+ Kg7 73. Qd7+ Kg6 74. Qb5 Qe4 75. Qf1 Qd5+ 1/2-1/2